130 Aniversario Bomberos de Panamá 1887-2017
Bewaard in:
| Formaat: | Boek |
|---|---|
| Taal: | Spanish |
| Tags: |
Voeg label toe
Geen labels, Wees de eerste die dit record labelt!
|
MARC
| LEADER | 00000nam a22000007a 4500 | ||
|---|---|---|---|
| 003 | cru CIDCACS/IIS | ||
| 005 | 20180418095052.0 | ||
| 007 | ta | ||
| 008 | 180418s2017 pn |||p|r||||||0| ||spa|d | ||
| 999 | |c 41288 |d 41288 | ||
| 040 | |c cru CIDCACS/IIS | ||
| 245 | 1 | |a 130 Aniversario Bomberos de Panamá 1887-2017 | |
| 300 | |a 123 páginas: |b fotos | ||
| 942 | |2 ddc |c PP | ||
| 773 | 0 | |0 19259 |9 1961 |a Desarrollo Social y Cultural (Panamá) |d Panamá: Lotería Nacional de Beneficencia |o 18621 |t Lotería: |x 0024662X | |
